El paraíso de la Reina Sibila
Guardado en:
| Hovedforfatter: | |
|---|---|
| Format: | Ukendt |
| Udgivet: |
Madrid
|
| Fag: | |
| Tags: |
Tilføj Tag
Ingen Tags, Vær først til at tagge denne postø!
|
MARC
| LEADER | 000000000a22000000004500 | ||
|---|---|---|---|
| 001 | 000240 | ||
| 041 | 0 | |a español | |
| 092 | 0 | |a Articulo 19: Ampo 1 | |
| 100 | 1 | |a Sale, Antone De La | |
| 245 | 1 | 0 | |a El paraíso de la Reina Sibila |
| 260 | |a Madrid | ||
| 500 | |a Artículos recopilados por Alvaro Quesada soto | ||
| 650 | 4 | |a SALE, ANTOINE DE LA, (1386-1460) | |
| 650 | 4 | |a EL PARAISO DE LA REINA SIBILA | |
| 650 | 4 | |a CUENTOS POPULARES | |
| 773 | 0 | |g 1985 | |
| 773 | 0 | |g 3-59 | |
| 999 | |c 855 |d 855 | ||
